| 000 | 00605nam a2200145Ia 4500 | ||
|---|---|---|---|
| 008 | 170221s9999 xx 000 0 und d | ||
| 100 | _aAlexei Y. Mamychev | ||
| 245 | _aEconomic Security and Organizational Culture: Theoretical Approaches and Categorical Relationship | ||
| 245 | _cAlexei Y. Mamychev, Elena A. Sulimova, Nataliya V. Yakovenko, Sofiya M. Savvidi, Aleksey S. Molchan, Veronika A. Dianova | ||
| 260 | _bInternational Review of Management and Marketing | ||
| 260 | _c2012 | ||
| 300 | _a3 : 1 | ||
| 650 | _xMarketing. | ||
| 856 | _uhttp://www.econjournals.com/index.php/irmm/issue/view/70 | ||
| 999 |
_c313909 _d313909 |
||